Steps Toward Innere Peace. (Record no. 264647)

MARC details
000 -LEADER
fixed length control field 00528nam a2200181Ia 4500
008 - FIXED-LENGTH DATA ELEMENTS--GENERAL INFORMATION
fixed length control field 090630s9999 xx 000 0 und d
082 ## - DEWEY DECIMAL CLASSIFICATION NUMBER
Item number 12791
100 ## - MAIN ENTRY--PERSONAL NAME
Personal name Friends of Peace Pilgrim.
245 ## - TITLE STATEMENT
Title Steps Toward Innere Peace.
Statement of responsibility, etc Friends of Peace Pilgrim.
260 ## - PUBLICATION, DISTRIBUTION, ETC. (IMPRINT)
Name of publisher, distributor, etc Cataloging in Publication.
Date of publication, distribution, etc 1981
300 ## - PHYSICAL DESCRIPTION
Extent 32
600 ## - SUBJECT ADDED ENTRY--PERSONAL NAME
Personal name Friends of Peace Pilgrim.
630 ## - SUBJECT ADDED ENTRY--UNIFORM TITLE
Uniform title Steps Toward Innere Peace.
655 ## - INDEX TERM--GENRE/FORM
Genre/form data or focus term English.
700 ## - ADDED ENTRY--PERSONAL NAME
Personal name Friends of Peace Pilgrim.
730 ## - ADDED ENTRY--UNIFORM TITLE
Uniform title Steps Toward Innere Peace.
942 ## - ADDED ENTRY ELEMENTS (KOHA)
Koha item type Book
Holdings
Withdrawn status Lost status Damaged status Not for loan Home library Current library Date acquired Cost, normal purchase price Total Checkouts Full call number Barcode Date last seen Cost, replacement price Price effective from Koha item type
        Sarvajanik Wachanalaya Shrivardhan Sarvajanik Wachanalaya Shrivardhan 11/09/1993 10.00   12791 SAWASHRI-12791 06/30/2009 10.00 06/30/2009 Book